Loading...
| Science - Other | 2 | 6 | 0 | 5 | 90 | 23 | 94.25 | 2 | 5 | 23.62 | 45.00 |
| Science - Chemistry | 0 | 5 | 1 | 1 | 45 | 98 | 116.00 | 0 | 4 | 3.08 | 20.00 |
| Science - Physics | 1 | 3 | 1 | 0 | 40 | 69 | 84.25 | 2 | 4 | 12.24 | 32.50 |
| Science - Biology | 0 | 3 | 0 | 2 | 30 | 88 | 107.33 | 0 | 3 | 2.77 | 15.00 |
| Literature - American | 1 | 1 | 0 | 1 | 25 | 54 | 97.00 | 0 | 2 | 6.21 | 10.00 |
| Religion | 0 | 2 | 0 | 1 | 20 | 78 | 104.00 | 1 | 1 | 5.31 | 13.89 |
| Fine Arts - Other | 0 | 2 | 0 | 0 | 20 | 95 | 97.50 | 0 | 2 | 6.84 | 12.50 |
| History - European | 1 | 0 | 0 | 0 | 15 | 73 | 73.00 | 0 | 1 | 4.30 | 7.50 |
| Social Science | 0 | 1 | 0 | 0 | 10 | 86 | 86.00 | 0 | 1 | 3.21 | 8.33 |
| Fine Arts - Visual | 0 | 1 | 0 | 0 | 10 | 129 | 129.00 | 0 | 0 | 0.72 | 2.50 |
| History - Other | 0 | 1 | 0 | 0 | 10 | 118 | 118.00 | 0 | 1 | 1.81 | 5.56 |
| History - World | 0 | 1 | 0 | 0 | 10 | 102 | 102.00 | 0 | 1 | 1.03 | 6.82 |
| Mythology | 0 | 1 | 0 | 0 | 10 | 138 | 138.00 | 0 | 1 | 0.39 | 8.33 |
| Mythology- Edited | 0 | 1 | 0 | 0 | 10 | 138 | 138.00 | 0 | 0 | 0.72 | 25.00 |
| Philosophy | 0 | 1 | 0 | 1 | 10 | 128 | 128.00 | 1 | 1 | 1.05 | 10.00 |
| Pop Culture | 0 | 1 | 0 | 1 | 10 | 123 | 123.00 | 0 | 1 | 3.19 | 25.00 |
| Literature - British | 0 | 1 | 1 | 1 | 5 | 142 | 142.00 | 0 | 1 | 0.07 | 7.50 |
| Literature - European | 0 | 0 | 1 | 0 | -5 | 0.00 | 0 | 0 | 0.00 | 0.00 |